<?xml version="1.0" encoding="UTF-8"?><?xml-stylesheet type="text/xsl" href="static/style.xsl"?><OAI-PMH xmlns="http://www.openarchives.org/OAI/2.0/" xmlns:xsi="http://www.w3.org/2001/XMLSchema-instance" xsi:schemaLocation="http://www.openarchives.org/OAI/2.0/ http://www.openarchives.org/OAI/2.0/OAI-PMH.xsd"><responseDate>2026-05-17T01:18:28Z</responseDate><request verb="GetRecord" identifier="oai:repisalud.isciii.es:20.500.12105/9356" metadataPrefix="marc">https://repisalud.isciii.es/rest/oai/request</request><GetRecord><record><header><identifier>oai:repisalud.isciii.es:20.500.12105/9356</identifier><datestamp>2025-06-19T13:45:58Z</datestamp><setSpec>com_20.500.12105_2052</setSpec><setSpec>com_20.500.12105_2051</setSpec><setSpec>col_20.500.12105_19613</setSpec></header><metadata><record xmlns="http://www.loc.gov/MARC21/slim" xmlns:dcterms="http://purl.org/dc/terms/" xmlns:doc="http://www.lyncode.com/xoai" xmlns:xsi="http://www.w3.org/2001/XMLSchema-instance" xsi:schemaLocation="http://www.loc.gov/MARC21/slim http://www.loc.gov/standards/marcxml/schema/MARC21slim.xsd">
   <leader>00925njm 22002777a 4500</leader>
   <datafield ind2=" " ind1=" " tag="042">
      <subfield code="a">dc</subfield>
   </datafield>
   <datafield ind2=" " ind1=" " tag="720">
      <subfield code="a">León-Flández, Karimen Andrea</subfield>
      <subfield code="e">author</subfield>
   </datafield>
   <datafield ind2=" " ind1=" " tag="720">
      <subfield code="a">Prieto, Leandro</subfield>
      <subfield code="e">author</subfield>
   </datafield>
   <datafield ind2=" " ind1=" " tag="720">
      <subfield code="a">Royo-Bordonada, Miguel Angel</subfield>
      <subfield code="e">author</subfield>
   </datafield>
   <datafield ind2=" " ind1=" " tag="260">
      <subfield code="c">2015</subfield>
   </datafield>
   <datafield ind2=" " ind1=" " tag="520">
      <subfield code="a">Introducción: Describir el grado de conocimiento, comprensión, percepción y utilización del semáforo nutricional entre los consumidores madrileños. Material y Métodos: Estudio transversal realizado en dos fases en el año 2012. Se reclutaron consumidores madrileños de forma aleatoria en zonas de espera de 7 supermercados. Mediante un cuestionario, se recogió información referente al conocimiento, percepción y utilización del semáforo nutricional. Se procedió al cálculo de porcentajes de las variables de interés y al análisis estratificado por variables ociodemográficas, aplicando el test de la Ji Cuadrado. Resultados: La tasa de respuesta en la primera y segunda fase fue de 80,6% y 97,8% respectivamente. El 41,4% de los consumidores madrileños conocían el semáforo nutricional (fase 1) y el 18,6% comprendían su significado (fase 2). Entre los que lo conocían, al 61,5% les parecía muy útil (80% en mayores de 65 años y 90 % en aquellos con estudios primarios; p>0,05) y el 31,4% lo usaban habitualmente para comprar (70% en aquellos con estudios primarios; p=0,04). Este porcentaje también fue superior entre los que lo comprendían (66,6%; p&lt;0,01). Conclusiones: El conocimiento y comprensión del semáforo nutricional fueron escasos. Los que lo conocen, lo consideran un instrumento muy útil para aportar información, y los que comprenden su significado, lo usan habitualmente al momento de la compra, sobre todo mayores de 65 años y con bajo nivel de estudios. La implantación generalizada de este sistema en España podría contribuir a mejorar hábitos y patrones alimentarios.</subfield>
   </datafield>
   <datafield ind1="8" ind2=" " tag="024">
      <subfield code="a">Rev Esp Nutr Hum Diet. 2015; 19(2): 97 - 104</subfield>
   </datafield>
   <datafield ind1="8" ind2=" " tag="024">
      <subfield code="a">10.14306/renhyd.19.2.150</subfield>
   </datafield>
   <datafield ind1="8" ind2=" " tag="024">
      <subfield code="a">2174-5145</subfield>
   </datafield>
   <datafield ind1="8" ind2=" " tag="024">
      <subfield code="a">Revista Española de Nutrición Humana y Dietética</subfield>
   </datafield>
   <datafield ind1="8" ind2=" " tag="024">
      <subfield code="a">http://hdl.handle.net/20.500.12105/9356</subfield>
   </datafield>
   <datafield tag="653" ind2=" " ind1=" ">
      <subfield code="a">Semáforo nutriciona</subfield>
   </datafield>
   <datafield tag="653" ind2=" " ind1=" ">
      <subfield code="a">Etiquetado nutricional</subfield>
   </datafield>
   <datafield tag="653" ind2=" " ind1=" ">
      <subfield code="a">Sistema de etiquetado frontal</subfield>
   </datafield>
   <datafield ind2="0" ind1="0" tag="245">
      <subfield code="a">Semáforo nutricional: conocimiento, percepción y utilización entre los consumidores de Madrid, España</subfield>
   </datafield>
</record></metadata></record></GetRecord></OAI-PMH>